000 01345nam0a22002531 4500
001 rc\3690487
005 20130115151947.7
021 _aRU
_b[69-82269]
035 _a(NLR Aleph) 007849705
090 _a7777476
_c7777476
100 _a20130115d1969 |||y0rusy50 ca
101 0 _arus
102 _aRU
105 _ay z |||||
200 1 _aПерспективы применения керамзитобетонных конструкций в промышленном строительстве
_eСообщ. засл. деят. науки и техники РСФСР канд. техн. наук К.Н. Карташова
_fГосстрой СССР. Минпромстройматериалов СССР. НТО Стройиндустрии. Науч.-техн. конференция по развитию производства керамзита, зольного гравия и легких конструкций на их основе
210 _aМосква
_cБ. и.
_d1969
215 _a17 с.
_d22
606 _aКерамзитобетонные конструкции промышленных зданий
_2psbo
700 1 _aКарташов
_bК. Н.
_f1902-
_gКонстантин Николаевич
801 0 _aRU
_bNLR
_gpsbo
801 1 _aRU
_bELAR
_2rusmarc
852 _aNLR
_j69-6/10347
942 _cBOOK
980 _aNB